000 00468nam a2200193Ia 4500
005 20250603145440.0
008 250603s9999 xx 000 0 und d
020 _a9781558102828
050 _aRT 85.5 .A44/
100 _aAmerican Nurses Association
245 0 _aNursing : scope and standards of practice
250 _a2nd ed.
260 _aMaryland
260 _bNursing Standard
260 _c2010
300 _a163 p
650 _aMaryland
942 _cBK
999 _c41890
_d41890